000 00268nam a22001217a 4500
008 181205b xxu||||| |||| 00| 0 eng d
041 _aeng
080 _a611
100 _a6
101 _aANA
245 _aGrants Atlas Of Anatomy
_cGrant.j.c.b
942 _2udc
_cBK
999 _c52834
_d52834